00688nam a2200241 a 4500001001300000003000900013005001700022008004100039020001000080082001500090100002000105245004400125260003700169300000900206500003500215505000900250650002200259700002000281902000800301942000700309952011500316999001500431nice12345678IN_TiNIC20260116011807.0050524s0000 beia grp 000 0 ara  ac10000a289.9bJAD aJadid, Iskandar aBidat Shahud Yahovab Jehovah Witnesses aBeirutbMarkaz Ilshabiyatac0000 a132p aincludes index and biblioraphy2 aMaps aJehovas Witnesses1 aJadid, Iskandar bSRS cBK 001040708StackRoom-aHMIbHMId2007-07-19g100.00l0o289.9 JADp07063r2007-07-19v100.00w2005-05-24yBK c4009d4009